My serial killer and other stories (Record no. 474102)

MARC details
000 -LEADER
fixed length control field 00469nam a2200169Ia 4500
003 - CONTROL NUMBER IDENTIFIER
control field 3228
005 - DATE AND TIME OF LATEST TRANSACTION
control field 20260608084334.0
008 - FIXED-LENGTH DATA ELEMENTS--GENERAL INFORMATION
fixed length control field 210818s9999 xx 000 0 und d
020 ## - INTERNATIONAL STANDARD BOOK NUMBER
International Standard Book Number 9781770090309
040 ## - CATALOGING SOURCE
Original cataloging agency MPL
Transcribing agency 3228
082 #0 - DEWEY DECIMAL CLASSIFICATION NUMBER
Classification number EF GRAY
100 ## - MAIN ENTRY--PERSONAL NAME
Personal name Gray, Stephen Johannesburg, 2005
9 (RLIN) 26800
245 #0 - TITLE STATEMENT
Title My serial killer and other stories
260 ## - PUBLICATION, DISTRIBUTION, ETC.
Place of publication, distribution, etc. Johannesburg:
Name of publisher, distributor, etc. Jacana,
Date of publication, distribution, etc. 2005.
300 ## - PHYSICAL DESCRIPTION
Extent 256 Pages
Other physical details Illustrations
Dimensions 17,5 cm
942 ## - ADDED ENTRY ELEMENTS
item type Books
Source of classification or shelving scheme Dewey Decimal Classification
-- 282
-- Emmerencia Nonyane
Holdings
Withdrawn status Lost status Damaged status Not for loan Home library Current library Date acquired Cost, normal purchase price Total Checkouts Barcode Date last seen Price effective from item type
        Sabie Sabie 23.08.2021 25.00   33228019196953 23.08.2021 23.08.2021 Books